Les Dix Noms de nos Vingt Doigts - Statistiques

Statistiques générales
  • Ce quiz a été pris 74 fois
  • Le résultat moyen est 5 sur 10
Statistiques - réponses
Doigts % Correct
Majeur
100%
Pouce
100%
Index
99%
Annulaire
96%
Auriculaire
96%
Hallux
10%
Secundus | Despasus
4%
Quartus | Pre-exterius
3%
Quintus | Exterius
3%
Tertius | Centrus
3%
Aucun quiz correspondant
Distribution des résultats
% des personnes avec chaque résultat
Percentile par nombre de réponses
Votre historique - résultats
Vous n’avez pas pris ce quiz